| 000 | 01040nam a22002297a 4500 | ||
|---|---|---|---|
| 003 | BD-DhUL | ||
| 005 | 20161031162111.0 | ||
| 008 | 161018s2002 ii ||||| |||| 00| 0 ben | ||
| 020 | _a9845601790 | ||
| 040 |
_aBD-DhUL _cBD-DhUL |
||
| 082 | 0 |
_a891.44408 _bPUR |
|
| 100 |
_4ষম্পাদক _aসিদ্দিকী, জিল্লুর রহমান |
||
| 245 | 1 | 0 |
_aপূর্বমেঘ : _cষম্পাদক জিল্লুর রহমান সিদ্দিকী, মুস্তাফা নূরউল ইসলাম _bনির্বাচিত প্রবন্ধ / |
| 250 | _a১ম প্রকাশ | ||
| 260 |
_aঢাকা : _bজাতীয় গ্রন্থ প্রকাশন, _c২০০২. |
||
| 300 |
_a৩৩৫পৃ. ; _c২২ সে.মি. |
||
| 365 |
_aDBT _b250.00 |
||
| 650 | 0 | _aবাংলা উপন্যাস | |
| 650 | 0 | _aBengali Novel | |
| 700 | 1 |
_aইসলাম, মুস্তাফা নূরউল _4ষম্পাদক |
|
| 942 |
_2ddc _cBK |
||
| 999 |
_c118070 _d118070 |
||